International perspectives on health and social care : partnership working in action (Record no. 64121)

MARC details
000 -LEADER
fixed length control field 01533nam a2200229 a 4500
008 - FIXED-LENGTH DATA ELEMENTS--GENERAL INFORMATION
fixed length control field 201111s2009 ||||||||||||||||| || u
020 ## - INTERNATIONAL STANDARD BOOK NUMBER
International Standard Book Number 9781405167437
050 ## - LIBRARY OF CONGRESS CALL NUMBER
Classification number R 727.8 Int
100 ## - MAIN ENTRY--PERSONAL NAME
Personal name Dickinsin, Helen
245 10 - TITLE STATEMENT
Title International perspectives on health and social care : partnership working in action
Statement of responsibility, etc. Edited by Jon Glasby; Helen Dickinson
260 ## - PUBLICATION, DISTRIBUTION, ETC.
Place of publication, distribution, etc. West Sussex
Name of publisher, distributor, etc. Wiley-Blackwell
Date of publication, distribution, etc. 2009
300 ## - PHYSICAL DESCRIPTION
Extent xi, 171 pages : illustrations
650 #0 - SUBJECT ADDED ENTRY--TOPICAL TERM
Topical term or geographic name entry element SOCIAL SERVICE
650 ## - SUBJECT ADDED ENTRY--TOPICAL TERM
Topical term or geographic name entry element MEDICAL COOPERATON
650 ## - SUBJECT ADDED ENTRY--TOPICAL TERM
Topical term or geographic name entry element INTERPROFESSIONAL RELATIONS
700 ## - ADDED ENTRY--PERSONAL NAME
Personal name Glasby, Jon
995 ## -
-- MICHAEL CHILUFYA SATA OPEN ACCESS
-- 71.89
-- 905096
-- CBU-SCHOOL OF MEDICINE LIBRARY (Ndola)
-- R 727.8 Int
-- 4
-- AVAILABLE
-- Nov 12, 2020
-- 905096
-- Medical Library Open Access Collection
995 ## -
-- MEDICAL LIBRARY OPEN ACCESS
-- 71.89
-- 905094
-- CBU-SCHOOL OF MEDICINE LIBRARY (Ndola)
-- R 727.8 Int
-- 2
-- AVAILABLE
-- Nov 12, 2020
-- 905094
-- Medical Library Open Access Collection
995 ## -
-- MICHAEL CHILUFYA SATA OPEN ACCESS
-- 71.89
-- 905093
-- CBU-SCHOOL OF MEDICINE LIBRARY (Ndola)
-- R 727.8 Int
-- 1
-- AVAILABLE
-- Nov 12, 2020
-- 905093
-- Medical Library Open Access Collection
995 ## -
-- MEDICAL LIBRARY OPEN ACCESS
-- 71.89
-- 905097
-- CBU-SCHOOL OF MEDICINE LIBRARY (Ndola)
-- R 727.8 Int
-- 5
-- AVAILABLE
-- Nov 12, 2020
-- 905097
-- Medical Library Open Access Collection
995 ## -
-- MICHAEL CHILUFYA SATA OPEN ACCESS
-- 71.89
-- 905095
-- CBU-SCHOOL OF MEDICINE LIBRARY (Ndola)
-- R 727.8 Int
-- 3
-- AVAILABLE
-- Nov 12, 2020
-- 905095
-- Medical Library Open Access Collection
999 ## -
-- 64121
-- 64121
Holdings
Withdrawn status Lost status Source of classification or shelving scheme Damaged status Not for loan Permanent Location Current Location Shelving location Date acquired Total Checkouts Full call number Barcode Date last seen Copy number Price effective from Koha item type
          CBU-MICHAEL CHILUFYA SATA LIBRARY CBU-MICHAEL CHILUFYA SATA LIBRARY   02/09/2023   R 727.8 Int 905096 02/09/2023 1 02/09/2023 MONOGRAPH
          CBU-MICHAEL CHILUFYA SATA LIBRARY CBU-MICHAEL CHILUFYA SATA LIBRARY   02/09/2023   R 727.8 Int 905093 02/09/2023 3 02/09/2023 MONOGRAPH
          CBU-MICHAEL CHILUFYA SATA LIBRARY CBU-MICHAEL CHILUFYA SATA LIBRARY   02/09/2023   R 727.8 Int 905095 02/09/2023 5 02/09/2023 MONOGRAPH
          CBU-SCHOOL OF MEDICINE LIBRARY, NDOLA. CBU-SCHOOL OF MEDICINE LIBRARY, NDOLA.   02/09/2023   R 727.8 Int 905094 02/09/2023 2 02/09/2023 MONOGRAPH
          CBU-SCHOOL OF MEDICINE LIBRARY, NDOLA. CBU-SCHOOL OF MEDICINE LIBRARY, NDOLA.   02/09/2023   R 727.8 Int 905097 02/09/2023 4 02/09/2023 MONOGRAPH